Laclau : (Record no. 160677)

MARC details
000 -LEADER
fixed length control field 01557nam a22004217a 4500
005 - DATE AND TIME OF LATEST TRANSACTION
control field 20220228091253.0
008 - FIXED-LENGTH DATA ELEMENTS--GENERAL INFORMATION
fixed length control field 220228b mx ||||| |||| 00| 0 spa d
020 ## - INTERNATIONAL STANDARD BOOK NUMBER
International Standard Book Number 9789505577569
050 04 - LIBRARY OF CONGRESS CALL NUMBER
Classification number JC255.L33
Item number L33 2004
240 ## - UNIFORM TITLE
Uniform title Laclau. A critical reader.
Language of a work Español
245 00 - TITLE STATEMENT
Title Laclau :
Remainder of title aproximaciones críticas a su obra /
Statement of responsibility, etc compilación de Simon Critchley y Oliver Marchart; traducción de Teresa Arijón
250 ## - EDITION STATEMENT
Edition statement Primera edición
260 ## - PUBLICATION, DISTRIBUTION, ETC. (IMPRINT)
Place of publication, distribution, etc México :
Name of publisher, distributor, etc Fondo de Cultura Económica,
Date of publication, distribution, etc 2008
300 ## - PHYSICAL DESCRIPTION
Extent 444 páginas ;
Dimensions 23 cm
600 17 - SUBJECT ADDED ENTRY--PERSONAL NAME
Source of heading or term lemb
Personal name Laclau, Ernesto,
Dates associated with a name 1935-2014
650 #7 - SUBJECT ADDED ENTRY--TOPICAL TERM
Source of heading or term lemb
Topical term or geographic name as entry element Ciencias políticas
General subdivision Filosofía.
650 #7 - SUBJECT ADDED ENTRY--TOPICAL TERM
Source of heading or term lemb
Topical term or geographic name as entry element Teoría Social
700 1# - ADDED ENTRY--PERSONAL NAME
Personal name Critchley, Simon,
Relator term compilador
700 1# - ADDED ENTRY--PERSONAL NAME
Personal name Marchart, Oliver,
Relator term compilador
700 1# - ADDED ENTRY--PERSONAL NAME
Personal name Butler, Judith,
Relator term compilador
700 1# - ADDED ENTRY--PERSONAL NAME
Personal name Connolly, William E.
Relator term compilador
700 1# - ADDED ENTRY--PERSONAL NAME
Personal name Dallmayr, Fred,
Relator term compilador
700 1# - ADDED ENTRY--PERSONAL NAME
Personal name Devenney, Mark
Relator term compilador
700 1# - ADDED ENTRY--PERSONAL NAME
Personal name Bech Dyrberg, Torben
Relator term compilador
700 1# - ADDED ENTRY--PERSONAL NAME
Personal name Gasché, Rodolphe
Relator term compilador
700 1# - ADDED ENTRY--PERSONAL NAME
Personal name Glynos, Jason
Relator term compilador
700 1# - ADDED ENTRY--PERSONAL NAME
Personal name Howarth, David
Relator term compilador
700 1# - ADDED ENTRY--PERSONAL NAME
Personal name Laclau, Ernesto
Relator term compilador
700 1# - ADDED ENTRY--PERSONAL NAME
Personal name Marchart, Oliver
Relator term compilador
700 1# - ADDED ENTRY--PERSONAL NAME
Personal name Miller, J. Hillis
Relator term compilador
700 1# - ADDED ENTRY--PERSONAL NAME
Personal name Norval, Aletta
Relator term compilador
700 1# - ADDED ENTRY--PERSONAL NAME
Personal name Riha, Rado
Relator term compilador
700 1# - ADDED ENTRY--PERSONAL NAME
Personal name Stäheli, Urs
Relator term compilador
700 1# - ADDED ENTRY--PERSONAL NAME
Personal name Stavrakakis, Yannis
Relator term compilador
700 1# - ADDED ENTRY--PERSONAL NAME
Personal name Sumic, Jelica
Relator term compilador
700 1# - ADDED ENTRY--PERSONAL NAME
Personal name Zerilli, Linda M. G.
Relator term compilador
942 ## - ADDED ENTRY ELEMENTS (KOHA)
Source of classification or shelving scheme Biblioteca del Cogreso de los Estados Unidos
Koha item type Libro
Holdings
Estado de pérdida Fuente de clasificación Estado del daño No para préstamo Ubicación permanente Ubicación actual Apartado o colección Fecha de adquisición Fuente de adquisición Edición Dependencia de educación superior (DES) Área del conocimiento Total Checkouts Clasificación Código de Barras Date last seen Número de copia Costo por reposición Tipo de recurso
  Biblioteca del Cogreso de los Estados Unidos     Biblioteca del Instituto de Investigaciones Históricas Biblioteca del Instituto de Investigaciones Históricas General 28/02/2022 Proyecto de Investigación 1a ed. Humanidades Ciencias Sociales y Administrativas   JC255.L33 L33 2008 IIH000032233 28/02/2022 C:1 1.00 Libro